000
00322 a2200133 4500
005
20250319115508.0
020
_a
978-2-03-583731-8
082
_a
443 PIC
100
_a
PICCI, G.
245
_a
Larousse Dictionnaire: Franȧis Anglais
260
_a
Paris,
_b
Larousse,
_c
2007.
300
_a
viii, 356p.
_c
18cm.
942
_2
ddc
_c
BKS
999
_c
958
_d
958